Дело по прошениям разных лиц об определении к должностям и переводе в другие места

Доступно только в Электронных читальных залах Найти на картеНа карте
RUSMARC
00003740nmc2a22000003x 450
00110804ff1-61cd-4245-b6ab-ee5876fddbac
00520180807132224.0
100##$a20160929l18491850k l0rusy0189 ca
1010#$arus
102##$aRU
2001#$aДело по прошениям разных лиц об определении к должностям и переводе в другие места
$j1 января 1849 г. - 7 января 1850 г.
$h[Часть 1]
251##$cДело
300##$aДело
801#0$aRU
$bРГИА
$c20160929
$gRCR
801#1$aRU
$bГлавНИВЦ
$c20160929
$2rusmarc
801#2$aRU
$bПБ им. Б.Н. Ельцина
$c20180807
$gRCR
$2rusmarc
850##$aРГИА
852##$aРГИА
$eФедеральное казенное учреждение "Российский государственный исторический архив" (РГИА)
$j739
$lа
937##$hРГИА
$d12215243
$aASBIBLIO_SCAN
462#0$10011f2612a5-dcc7-4853-9c3b-606260869072
$12001
$a1848-1849 гг. Дела Департамента полиции исполнительной МВД за 1849 г.
$1251
$cОпись
$1852
$j11
461#0$10013e300ed0-cd39-49af-8489-5ba5b90fa401
$12001
$aДепартамент полиции исполнительной МВД
$1251
$cФонд
$1852
$j1286
215##$a31 л.
$d36,5х26 см
371##$aДокумент не является опубликованным и широко распространяемым
105##$ay###
1222#$ad
035##$a10804ff1-61cd-4245-b6ab-ee5876fddbac
856##$uhttp://readingroom.main.prlib.ru/item.aspx?id_node=n117959455&mode=full
Формат отображения